Statistics for 10 Biggest Cities in the Ivory Coast

Click here to take the quiz!

General Stats

  • This quiz has been taken 98 times
  • The average score is 2 of 10

Answer Stats

Population City % Correct
3 675 000Abidjan
94%
565 000Bouake
28%
195 000San-Pedro
28%
165 000Korhogo
17%
125 000Divo
17%
125 000Gagnoa
17%
215 000Daloa
11%
195 000Yamoussukro
11%
900 000Abobo
6%
140 000Manado
0%

Score Distribution

Percentile by Number Answered

Percent of People with Each Score

Your Score History

You have not taken this quiz